00348nam a2200133Ia 4500008004100000020001800041041000800059082001600067245003900083250000600122260006500128300001200193650000900205210716s2008 xx 000 0 und d a9788184045512 aeng a657.45 BARP aEnterprise multiplatform auditing. a1 aBangalorebShroff Publishers and Distributors Pvt Ltdc2008 axii,339 aNone